01193nam a2200229 a 4500008004100000020001800041050001600059100002500075245011200100260003200212300002000244350001000264650002200274650002000296700003000316700002000346995015500366995015500521999001700676952013500693952013500828180903s2016 ||||||||||||||||| || u a9780128016305 aTK 7885 Mis aSingh, Neeraj, Kumar10aSystem on chip interfaces for low power designcSanjeeb Mishra; Neeraj Kumar Singh; Vijayakrishnan Rousseau aAmsterdam: bElsevierc2016 axv, 392p. : ill a90.22 aCOMPUTER HARDWARE aSYSTEMS ON CHIP aRousseau, Vijayakrishnan  aMishra, Sanjeeb aMAIN LIBRARY OPEN ACCESSe748579FCBU-MAIN LIBRARY (Kitwe)I90.22jTK 7885 MisM2UAVAILABLEWNov 7, 2018y748579ZMain Library Open Access Collection aMAIN LIBRARY OPEN ACCESSe748578FCBU-MAIN LIBRARY (Kitwe)I90.22jTK 7885 MisM1UAVAILABLEWNov 7, 2018y748578ZMain Library Open Access Collection c80882d80882 00102lcc4070a001b001cMain Library Open Access Collectiond2023-07-11l0oTK 7885 Misp748579r2023-07-11t1w2023-07-11y002 00102lcc4070a001b001cMain Library Open Access Collectiond2023-07-11l0oTK 7885 Misp748578r2023-07-11t2w2023-07-11y002